000 00786nam a2200253 i 4500
001 bg
100 1 _aBajkiewicz-Grabowska, Elżbieta
_d(1949- ).
245 1 0 _aHydrologia ogólna /
_cElżbieta Bajkiewicz-Grabowska, Zdzisław Mikulski.
250 _aWyd. 4 uaktual.
260 _aWarszawa :
_bWydawnictwo Naukowe PWN,
_c2007.
300 _a338, [1] s. :
_bil. ;
_c24 cm.
504 _aBibliogr. s. 326-330. Indeks.
650 9 _aHydrologia
655 _aPodręczniki akademickie
700 1 _aMikulski, Zdzisław
_d(1920- ).
020 _a9788301145798
040 _cBPK
041 0 _apol
044 _aPOL
080 _a556(075.8)
942 _cKS
008 s pl f |000 0 pol
999 _c54633
_d54633
856 _uhttp://koha.tu.koszalin.pl/cgi-bin/koha/opac-detail.pl?biblionumber=54633
_yKatalog online BPK